| 000 | 01158cam a22003011 4500 | ||
|---|---|---|---|
| 001 | gs 36000322 | ||
| 003 | DLC | ||
| 005 | 20260227111341.0 | ||
| 008 | 760218s1936 azud s001 0 engx | ||
| 010 | _ags 36000322 | ||
| 035 | _a(OCoLC)2000722 | ||
| 040 |
_aDLC _cAzFU _dN _dOCoLC _dDLC |
||
| 042 | _apremarc | ||
| 050 | 0 | 0 |
_aTN24.A6 _bE4 |
| 086 | 0 |
_aMN 1.3:B 85/140 _2azdocs |
|
| 110 | 1 | _aElsing, Morris J | |
| 245 | 1 | 0 |
_aArizona metal production, _cby Morris J. Elsing and Robert E. S. Heineman. |
| 260 |
_aTucson, Ariz., _bUniversity of Arizona _c[1936] |
||
| 300 |
_a112 p. _btables. _c24 cm. |
||
| 410 | 2 | 0 |
_aUniversity of Arizona. _bState Bureau of Mines. _tBulletin _vno. 140 |
| 490 | 1 |
_aEconomic series, _vno. 19 |
|
| 500 | _aUniversity of Arizona bulletin, vol. VII, no. 2, February 15, 1936. | ||
| 650 | 0 |
_aMines and mineral resources _zArizona |
|
| 700 | 1 |
_aHeineman, Robert Emil, _d1901- _ejoint author. |
|
| 830 | 0 |
_aBulletin (University of Arizona) ; _vv. 7, no. 2. |
|
| 810 | 2 |
_aUniversity of Arizona. _bState Bureau of Mines. _tBulletin ; _vno. 140. |
|
| 810 | 2 |
_aUniversity of Arizona. _bState Bureau of Mines. _tEconomic series ; _vno. 19. |
|
| 999 |
_c27305 _d27305 |
||